<?xml version="1.0" encoding="UTF-8"?><?xml-stylesheet type="text/xsl" href="static/style.xsl"?><OAI-PMH xmlns="http://www.openarchives.org/OAI/2.0/" xmlns:xsi="http://www.w3.org/2001/XMLSchema-instance" xsi:schemaLocation="http://www.openarchives.org/OAI/2.0/ http://www.openarchives.org/OAI/2.0/OAI-PMH.xsd"><responseDate>2026-05-17T01:41:12Z</responseDate><request verb="GetRecord" identifier="oai:repisalud.isciii.es:20.500.12105/12380" metadataPrefix="marc">https://repisalud.isciii.es/rest/oai/request</request><GetRecord><record><header><identifier>oai:repisalud.isciii.es:20.500.12105/12380</identifier><datestamp>2025-06-23T15:24:39Z</datestamp><setSpec>com_20.500.12105_8144</setSpec><setSpec>com_20.500.12105_5570</setSpec><setSpec>com_20.500.12105_2404</setSpec><setSpec>com_20.500.12105_2403</setSpec><setSpec>col_20.500.12105_8185</setSpec></header><metadata><record xmlns="http://www.loc.gov/MARC21/slim" xmlns:dcterms="http://purl.org/dc/terms/" xmlns:doc="http://www.lyncode.com/xoai" xmlns:xsi="http://www.w3.org/2001/XMLSchema-instance" xsi:schemaLocation="http://www.loc.gov/MARC21/slim http://www.loc.gov/standards/marcxml/schema/MARC21slim.xsd">
   <leader>00925njm 22002777a 4500</leader>
   <datafield ind2=" " ind1=" " tag="042">
      <subfield code="a">dc</subfield>
   </datafield>
   <datafield ind2=" " ind1=" " tag="720">
      <subfield code="a">Rodríguez Gallego, Mª Begoña</subfield>
      <subfield code="e">author</subfield>
   </datafield>
   <datafield ind2=" " ind1=" " tag="720">
      <subfield code="a">Fuentes López, Mª Teresa</subfield>
      <subfield code="e">author</subfield>
   </datafield>
   <datafield ind2=" " ind1=" " tag="720">
      <subfield code="a">Bermúdez Granados, Fernando</subfield>
      <subfield code="e">author</subfield>
   </datafield>
   <datafield ind2=" " ind1=" " tag="720">
      <subfield code="a">Aurora Toscano Niebla, Francisca</subfield>
      <subfield code="e">author</subfield>
   </datafield>
   <datafield ind2=" " ind1=" " tag="720">
      <subfield code="a">Cabuchola Moreno, Santiago</subfield>
      <subfield code="e">author</subfield>
   </datafield>
   <datafield ind2=" " ind1=" " tag="260">
      <subfield code="c">2014</subfield>
   </datafield>
   <datafield ind2=" " ind1=" " tag="520">
      <subfield code="a">[ES] La protección laboral a la gestante y el feto se realiza por medio de la prestación por riesgo laboral durante el embarazo, vigente en España desde 1999 y considerada como contingencia profesional desde 2007. Con la intención de mejorar la gestión de esta prestación se realiza un estudio descriptivo de las solicitudes y reclamaciones presentadas en nuestra Dirección Provincial en los últimos 4 años. La edad materna estuvo comprendida entre 25 y 46 años con una media de edad de 34 años. La edad gestacional a la que se reconoció el riesgo fue mayoritariamente (65,93%) por encima de la semana 24 de embarazo. El 89,5% de las solicitudes correspondieron a trabajadoras sanitarias del Servicio Andaluz de Salud, por lo que el riesgo principalmente alegado fue el biológico. Sin embargo los riesgos por los que se reconoció la prestación fueron predominantemente ergonómicos (56%) seguidos de psicosociales (38%), biológicos (21%), agentes físicos (6%) y agentes químicos (3%). El número total de solicitudes ha permanecido estable en estos 4 años, mientras que el número de reclamaciones ha disminuido significativamente al aumentar la concreción en los criterios del médico evaluador y la información a las trabajadoras. [EN] The provision of occupational risk during pregnancy is in order to protect the health of the working mother and the child. This feature exists in Spain since 1999 and has been considered as a professional contingency since 2007. In order to improve the management of this provision, a descriptive study of requests and complaints in our Provincial Office in the last 4 years has been performed. Maternal age was between 25 and 46 years with an average age of 34 years. The gestational age at which the risk was mostly recognized (65.93%) was above the 24th week of pregnancy. 89.5 % of requests were from health workers of Andalusian Health Service, so that the alleged risk was mainly biological. However, the risks for which provision were recognized were predominantly ergonomic (56%) followed by psychosocial (38%), biological (21%), physical agents (6%) and chemicals agents (3%). The total number of applications remained stable in these 4 years, but the number of complaints decreased significantly due to an increasing of specificity in the criteria of physician evaluating and workers information.</subfield>
   </datafield>
   <datafield ind1="8" ind2=" " tag="024">
      <subfield code="a">Med Segur Trab 2014; Vol.60 Nº Suplemento Extr. 1,229-233</subfield>
   </datafield>
   <datafield ind1="8" ind2=" " tag="024">
      <subfield code="a">1989-7790</subfield>
   </datafield>
   <datafield ind1="8" ind2=" " tag="024">
      <subfield code="a">0465-546X</subfield>
   </datafield>
   <datafield ind1="8" ind2=" " tag="024">
      <subfield code="a">Medicina y Seguridad del Trabajo</subfield>
   </datafield>
   <datafield ind1="8" ind2=" " tag="024">
      <subfield code="a">http://hdl.handle.net/20.500.12105/12380</subfield>
   </datafield>
   <datafield tag="653" ind2=" " ind1=" ">
      <subfield code="a">Riesgos laborales</subfield>
   </datafield>
   <datafield tag="653" ind2=" " ind1=" ">
      <subfield code="a">Embarazo</subfield>
   </datafield>
   <datafield tag="653" ind2=" " ind1=" ">
      <subfield code="a">Prestación Seguridad Social</subfield>
   </datafield>
   <datafield tag="653" ind2=" " ind1=" ">
      <subfield code="a">Occupational risk</subfield>
   </datafield>
   <datafield tag="653" ind2=" " ind1=" ">
      <subfield code="a">Pregnancy</subfield>
   </datafield>
   <datafield tag="653" ind2=" " ind1=" ">
      <subfield code="a">Social security provision</subfield>
   </datafield>
   <datafield ind2="0" ind1="0" tag="245">
      <subfield code="a">Revisión y análisis descriptivo de la prestación económica por riesgo laboral en el embarazo gestionada por el INSS en la Dirección Provincial de Málaga</subfield>
   </datafield>
</record></metadata></record></GetRecord></OAI-PMH>